| 000 | 00573nam a2200181Ia 4500 | ||
|---|---|---|---|
| 001 | 17512 | ||
| 005 | 20260306171523.0 | ||
| 008 | 260306s9999||||xx |||||||||||||| ||und|| | ||
| 041 | _aESP | ||
| 082 |
_a658 _bS59 |
||
| 100 |
_aSlater, Robert _eAUT |
||
| 245 | 0 |
_aLa nueva reestructuración empresarial (GE): _baprenda cómo General Electric incrementó sus ventas de 25 mil millones a más de 60 mil millones de dólares en sólo una década |
|
| 260 | _c1994 | ||
| 300 |
_axxiv, 328 páginas : _c24 cm. |
||
| 650 | _aGEN | ||
| 654 | _aCAN | ||
| 942 |
_cLIB _dJUS _fJUS _2ddc _n |
||
| 999 |
_c17512 _d17512 |
||